|
|
|
|
| LEADER |
02032njm a2200409 a 4500 |
| 001 |
000895030 |
| 003 |
CZ BrMZK |
| 005 |
20231027070616.0 |
| 007 |
sd fsngnnmmned |
| 008 |
080428p20071939xr ||nn cze |
| 028 |
0 |
1 |
|a CR0366-2
|b Radioservis
|
| 040 |
|
|
|a BOA001
|b cze
|
| 072 |
|
7 |
|a 784
|x Vokální hudba
|2 Konspekt
|9 9
|
| 080 |
|
|
|a 78.036.9
|2 MRF
|
| 080 |
|
|
|a 78.036
|2 MRF
|
| 080 |
|
|
|a (086.76)
|2 MRF
|
| 100 |
1 |
|
|a Zemánková, Inka,
|d 1915-2000
|7 jn20000402739
|4 sng
|
| 245 |
1 |
0 |
|a Ráda zpívám hot
|h [zvukový záznam]
|
| 260 |
|
|
|a Praha :
|b Radioservis,
|c c2007
|
| 300 |
|
|
|a 1 zvuková deska (60:47) :
|b digital, mono, stereo ;
|c 12 cm
|
| 306 |
|
|
|a 010047
|
| 500 |
|
|
|a Poznámka Ondřej Suchý
|
| 500 |
|
|
|a Vybral a sestavil Pavel Procházka
|
| 500 |
|
|
|a Kompaktní deska (ADD)
|
| 505 |
0 |
0 |
|t Má láska je jazz --
|t Slunečnice --
|t Ráda zpívám hot --
|t Dívka v rytmu zrozená --
|t Bé - bé --
|t Já a deštník --
|t Jen o lásce ne --
|t Ze směsi J. Traxlera --
|t První láska --
|t Zítra tou dobou --
|t Bloudění v rytmu --
|t Prosinec a sníh --
|t Cvrček muzikant --
|t Věčný recept --
|t Kdybyste byl můj známý --
|t Diesmal muss es Liebe sein --
|t Ten starý refrén --
|t Ten nejmilejší --
|t Paříž je láska má --
|t Ten pravý --
|t Nos kytky na pustou pláň
|
| 511 |
0 |
|
|a Zpívá Inka Zemánková, se Stanislavem Procházkou (9) a Arnoštem Kavkou (14), Lišáci, Vokální sbor Jaromíra Hniličky ; hraje Orchestr R.A. Dvorského a další
|
| 518 |
|
|
|a Nahrávky z let 1939-1983
|
| 650 |
0 |
7 |
|a jazz
|7 ph121330
|2 czenas
|
| 650 |
0 |
7 |
|a swing
|7 ph126343
|2 czenas
|
| 655 |
|
7 |
|a kompaktní desky
|7 fd201991
|2 czenas
|
| 700 |
1 |
|
|a Procházka, Standa,
|d 1919-2016
|7 jn20000728529
|4 sng
|
| 700 |
1 |
|
|a Kavka, Arnošt,
|d 1917-1994
|7 jn20000401314
|4 sng
|
| 710 |
2 |
|
|a Lišáci (hudební skupina)
|7 ko2003165028
|
| 710 |
2 |
|
|a Orchestr R.A. Dvorského
|7 mzk2003207749
|4 prf
|
| 910 |
|
|
|a BOA001
|b CD-0014.476
|
| 990 |
|
|
|a AV
|
| 996 |
6 |
|
|b 261H016012
|c CD-0014.476
|l MZK
|r Sklad / do 24 hodin
|n 0
|w 000895030
|u 000010
|a 1
|e BOA001
|j MZK50
|s P
|